000
00328nam a2200157Ia 4500
100
_a
Johnsonbaugn/R
250
_a
4
942
_c
BK
654
_a
Mathematics
245
_a
Discrete mathematics 4th
260
_b
prentice hall
_a
New Delhi
_c
1997
082
_a
510
_b
JOH
300
_a
699
546
_a
ENGLISH
999
_c
22323
_d
22323